[Event "Krakow op-A 35th"]
[Site "Krakow"]
[Date "2024.12.30"]
[Round "5"]
[White "Pit Rada, Mihail Cosmin"]
[Black "Mirski, Michal"]
[Result "1/2-1/2"]
[WhiteElo "2106"]
[BlackElo "2111"]
[PlyCount "87"]
[EventDate "2024.12.27"]
[EventType "swiss"]
[EventRounds "9"]
[EventCountry "POL"]
[SourceTitle "CB02_2025"]
[SourceDate "2025.01.08"]
[SourceVersion "1"]
[SourceVersionDate "2025.01.08"]
[SourceQuality "1"]

1. c4 e5 2. g3 Nc6 3. Bg2 g6 4. Nc3 Bg7 5. d3 d6 6. e4 Nge7 7. Nge2 0-0 8. 0-0 Be6 9. Nd5 Qd7 10. Bg5 f6 11. Be3 f5 12. Qd2 Nd8 13. Nxe7+ Qxe7 14. exf5 Bxf5 15. d4 c6 16. b4 Nf7 17. Rac1 Rac8 18. h3 a6 19. g4 Bd7 20. Ng3 b5 21. cxb5 axb5 22. d5 cxd5 23. Bxd5 Be6 24. Ne4 h5 25. f3 Kh7 26. Kg2 Rcd8 27. Rc2 Bxd5 28. Qxd5 Bh6 29. Bb6 Rd7 30. Rd1 Ng5 31. Nxg5+ Bxg5 32. Rc6 Qf6 33. Rc7 Rxc7 34. Bxc7 e4 35. Qxe4 Qf7 36. Bxd6 Qxa2+ 37. Kh1 Qb3 38. Rf1 Rf6 39. Be5 Re6 40. Qb7+ Re7 41. Qxb5 Qe3 42. Bd6 Qd2 43. Be5 Rxe5 44. Qxe5 1/2-1/2

[Event "POL-chT 2nd League"]
[Site "Jastrzebia Gora"]
[Date "2024.09.02"]
[Round "3.14"]
[White "Karut, Kacper"]
[Black "Mirski, Michal"]
[Result "1-0"]
[WhiteElo "2048"]
[BlackElo "2121"]
[PlyCount "63"]
[EventDate "2024.08.31"]
[EventType "team-swiss"]
[EventRounds "9"]
[EventCountry "POL"]
[SourceTitle "EXT 2025"]
[Source "ChessBase"]
[SourceDate "2024.10.14"]
[SourceVersion "1"]
[SourceVersionDate "2024.10.14"]
[SourceQuality "1"]
[WhiteTeam "Grudziadz Rotmistrz"]
[BlackTeam "Staniatki Goniec"]
[WhiteTeamCountry "POL"]
[BlackTeamCountry "POL"]

1. e4 c5 2. Nf3 d6 3. d4 cxd4 4. Nxd4 Nf6 5. Nc3 Nc6 6. Be3 Ng4 7. Bb5 Nxe3 8. fxe3 Bd7 9. 0-0 Ne5 10. Nf3 Bxb5 11. Nxb5 Qb6 12. Nxe5 dxe5 13. Qd5 e6 14. Qxe5 Rc8 15. Qh5 g6 16. Qe5 Rg8 17. Rad1 Be7 18. Nd6+ Bxd6 19. Rxd6 Qxe3+ 20. Kh1 Qc5 21. Rxe6+ fxe6 22. Qxe6+ Kd8 23. Qxg8+ Kc7 24. Qxh7+ Kb8 25. Qxg6 Qxc2 26. Qd6+ Ka8 27. e5 a6 28. h3 Ka7 29. e6 Qe2 30. Rf8 Rc1+ 31. Kh2 Qe1 32. Qd4+ 1-0

[Event "POL-ch sf"]
[Site "Karpacz"]
[Date "2023.12.12"]
[Round "9"]
[White "Backiel, Hubert"]
[Black "Mirski, Michal"]
[Result "1/2-1/2"]
[WhiteElo "2253"]
[BlackElo "2039"]
[PlyCount "117"]
[EventDate "2023.12.04"]
[EventType "swiss"]
[EventRounds "9"]
[EventCountry "POL"]
[SourceTitle "EXT 2025"]
[Source "ChessBase"]
[SourceDate "2024.10.14"]
[SourceVersion "1"]
[SourceVersionDate "2024.10.14"]
[SourceQuality "1"]

1. e4 c5 2. Nc3 g6 3. d4 Bg7 4. Be3 Qa5 5. Qd2 cxd4 6. Bxd4 Bxd4 7. Qxd4 Nf6 8. 0-0-0 Nc6 9. Qd2 d6 10. Bc4 Ne5 11. Bb3 Be6 12. f4 Ned7 13. Bxe6 fxe6 14. Nf3 e5 15. g3 Rc8 16. Rhf1 0-0 17. Kb1 Rxc3 18. Qxc3 Qxc3 19. bxc3 Nxe4 20. Rde1 Ndc5 21. Kc1 exf4 22. Nd2 Nxd2 23. Kxd2 fxg3 24. Rxf8+ Kxf8 25. hxg3 e5 26. g4 Kg7 27. Ke3 Kf6 28. Rh1 Kg5 29. Rxh7 Kxg4 30. Rh8 Kf5 31. Rd8 Ke6 32. Rg8 Kf5 33. Rd8 Ke6 34. c4 g5 35. Rg8 Kf5 36. Rf8+ Ke6 37. Kf3 Kd7 38. Rg8 Kc6 39. Ke3 Ne6 40. Rg6 Nd4 41. c3 Nf5+ 42. Kd3 Ne7 43. Rxg5 Nc8 44. Rg8 Nb6 45. Rh8 Na4 46. Rc8+ Kd7 47. Rh8 Nb2+ 48. Ke4 Nxc4 49. Ra8 d5+ 50. Kf5 a6 51. Rb8 Kc7 52. Rh8 Kd6 53. Rd8+ Kc7 54. Rxd5 Ne3+ 55. Kxe5 Nxd5 56. Kxd5 b6 57. c4 Kd7 58. c5 bxc5 59. Kxc5 1/2-1/2

[Event "POL-ch sf"]
[Site "Karpacz"]
[Date "2023.12.10"]
[Round "7"]
[White "Mirski, Michal"]
[Black "Bartodziej, Bartosz"]
[Result "1-0"]
[WhiteElo "2039"]
[BlackElo "1926"]
[PlyCount "95"]
[EventDate "2023.12.04"]
[EventType "swiss"]
[EventRounds "9"]
[EventCountry "POL"]
[SourceTitle "CBM 217 Extra"]
[Source "ChessBase"]
[SourceDate "2024.01.31"]
[SourceVersion "1"]
[SourceVersionDate "2024.01.31"]
[SourceQuality "1"]

1. e4 c5 2. Nf3 d6 3. Bb5+ Nd7 4. a4 Ngf6 5. Nc3 a6 6. Be2 e6 7. 0-0 Be7 8. d4 cxd4 9. Nxd4 Nc5 10. Bf3 0-0 11. Be3 Qc7 12. a5 Rb8 13. Qd2 b5 14. axb6 Rxb6 15. b4 Rxb4 16. e5 dxe5 17. Nc6 Rb6 18. Nxe7+ Qxe7 19. Ra5 Nfd7 20. Rd1 Bb7 21. Be2 Rc6 22. Na2 Rc7 23. f3 Bd5 24. Nb4 Nf6 25. Bg5 h6 26. Bh4 Rfc8 27. Bg3 Rd7 28. Qc3 Rdd8 29. Qxe5 Qb7 30. Nxd5 exd5 31. Qa1 Qe7 32. Bf1 Ne6 33. Bd3 Nc5 34. Bf5 Ra8 35. Qa3 g6 36. Bh3 Rac8 37. Bxc8 Rxc8 38. Bf2 Nfd7 39. Rxd5 Qe2 40. g3 Rb8 41. Qc1 Qxf3 42. Qd1 Rb1 43. Qxb1 Qxd5 44. Qe1 Ne5 45. Rxc5 Nf3+ 46. Kf1 Qd7 47. Qc3 Nd2+ 48. Ke2 1-0

[Event "POL-ch sf"]
[Site "Karpacz"]
[Date "2023.12.09"]
[Round "6"]
[White "Szwed, Jacek"]
[Black "Mirski, Michal"]
[Result "1-0"]
[WhiteElo "2348"]
[BlackElo "2039"]
[PlyCount "77"]
[EventDate "2023.12.04"]
[EventType "swiss"]
[EventRounds "9"]
[EventCountry "POL"]
[SourceTitle "CBM 217 Extra"]
[Source "ChessBase"]
[SourceDate "2024.01.31"]
[SourceVersion "1"]
[SourceVersionDate "2024.01.31"]
[SourceQuality "1"]

1. e4 c5 2. Nf3 e6 3. d4 cxd4 4. Nxd4 Nc6 5. Nb5 d6 6. c4 Nf6 7. N1c3 a6 8. Na3 d5 9. exd5 exd5 10. cxd5 Nb4 11. Bc4 b5 12. Bb3 Bg4 13. Qd4 Bc5 14. Qe5+ Qe7 15. Qxe7+ Bxe7 16. 0-0 Nd3 17. h3 b4 18. hxg4 bxc3 19. Nc4 cxb2 20. Nxb2 Nxc1 21. Raxc1 Nxg4 22. Rfe1 Kf8 23. Rc7 Bd6 24. Rd7 Bb4 25. Re2 g6 26. d6 Nh6 27. Nd3 Bc3 28. Rc2 Bd4 29. Rc4 Bb6 30. Rb4 Ba5 31. Ra4 Bc3 32. Rf4 g5 33. Rfxf7+ Nxf7 34. Rxf7+ Ke8 35. Nc5 Kd8 36. Rd7+ Kc8 37. Rc7+ Kd8 38. Ne6+ Ke8 39. Re7# 1-0

[Event "POL-chT 2nd League"]
[Site "Jastrzebia Gora"]
[Date "2023.09.05"]
[Round "4.69"]
[White "Solnicki, Michal"]
[Black "Mirski, Michal"]
[Result "1/2-1/2"]
[WhiteElo "2110"]
[BlackElo "1995"]
[PlyCount "147"]
[EventDate "2023.09.02"]
[EventType "team-swiss"]
[EventRounds "9"]
[EventCountry "POL"]
[SourceTitle "CBM 216 Extra"]
[Source "ChessBase"]
[SourceDate "2023.11.30"]
[SourceVersion "1"]
[SourceVersionDate "2023.11.30"]
[SourceQuality "1"]
[WhiteTeam "Warszawa Mogalo"]
[BlackTeam "Myslenice MAT"]
[WhiteTeamCountry "POL"]
[BlackTeamCountry "POL"]

1. d4 Nf6 2. g3 g6 3. Bg2 Bg7 4. e4 d6 5. Ne2 0-0 6. 0-0 e5 7. h3 Nc6 8. Nbc3 Re8 9. Be3 Bd7 10. d5 Ne7 11. Qd2 Qc8 12. Kh2 Nh5 13. g4 Nf6 14. Ng3 Rf8 15. Rg1 c6 16. Bf1 cxd5 17. exd5 a6 18. Bg5 Qc7 19. Re1 Rae8 20. f3 b5 21. a3 Bc8 22. Nge4 Nxe4 23. fxe4 Kh8 24. Bd3 Ng8 25. Rg2 f6 26. Be3 Rf7 27. Reg1 Qe7 28. Ne2 Qf8 29. Ng3 Bh6 30. c4 bxc4 31. Bxc4 Bxe3 32. Qxe3 Qh6 33. Qe2 a5 34. Ba6 Qh4 35. Bxc8 Rxc8 36. Qa6 Rd8 37. Qxa5 Rb8 38. Qa6 Nh6 39. Nh1 Rb3 40. Qc8+ Kg7 41. Rg3 Rxb2+ 42. R1g2 Rfb7 43. Rc3 Nf7 44. Rxb2 Rxb2+ 45. Rc2 Rxc2+ 46. Qxc2 Ng5 47. Qg2 Qe1 48. Nf2 Qe2 49. h4 Nf3+ 50. Kh3 Qe3 51. a4 g5 52. h5 Nd2+ 53. Qg3 Qe2 54. Kg2 Nxe4 55. Qf3 Qxf3+ 56. Kxf3 Nc3 57. a5 Nxd5 58. Ne4 Kf7 59. Nxd6+ Ke6 60. Nb5 f5 61. gxf5+ Kxf5 62. a6 g4+ 63. Kg3 Kg5 64. a7 Nb6 65. h6 e4 66. Nd6 e3 67. Nc4 e2 68. Kf2 Na8 69. Ne3 Kxh6 70. Nxg4+ Kg5 71. Nh2 Kf4 72. Kxe2 Ke4 73. Nf3 h5 74. Kf2 1/2-1/2

[Event "POL-chT 2nd League"]
[Site "Jastrzebia Gora"]
[Date "2023.09.03"]
[Round "2.51"]
[White "Mirski, Michal"]
[Black "Janaszak, Dawid"]
[Result "0-1"]
[WhiteElo "1995"]
[BlackElo "2302"]
[PlyCount "54"]
[EventDate "2023.09.02"]
[EventType "team-swiss"]
[EventRounds "9"]
[EventCountry "POL"]
[SourceTitle "CBM 216 Extra"]
[Source "ChessBase"]
[SourceDate "2023.11.30"]
[SourceVersion "1"]
[SourceVersionDate "2023.11.30"]
[SourceQuality "1"]
[WhiteTeam "Myslenice MAT"]
[BlackTeam "Ostrow Wielkopolski"]
[WhiteTeamCountry "POL"]
[BlackTeamCountry "POL"]

1. e4 c5 2. Nf3 Nc6 3. d4 cxd4 4. Nxd4 Nf6 5. Nc3 e5 6. Ndb5 d6 7. Bg5 a6 8. Na3 b5 9. Nd5 Be7 10. Bxf6 Bxf6 11. c3 Rb8 12. Nc2 Bg5 13. g3 a5 14. a3 0-0 15. Bg2 Ne7 16. Nce3 Bxe3 17. Nxe3 b4 18. axb4 axb4 19. 0-0 bxc3 20. bxc3 Qc7 21. Qd3 Rb3 22. Rfd1 Rd8 23. Rac1 Be6 24. h4 g6 25. Bf3 h5 26. Rd2 Kg7 27. Bg2 Qc5 0-1

[Event "Polanica Zdroj op 59th"]
[Site "Polanica Zdroj"]
[Date "2023.08.22"]
[Round "4"]
[White "Malicka, Maria"]
[Black "Mirski, Michal"]
[Result "1-0"]
[WhiteElo "2231"]
[BlackElo "2016"]
[PlyCount "121"]
[EventDate "2023.08.19"]
[EventType "swiss"]
[EventRounds "9"]
[EventCountry "POL"]
[SourceTitle "CBM 215 Extra"]
[Source "ChessBase"]
[SourceDate "2023.09.30"]
[SourceVersion "1"]
[SourceVersionDate "2023.09.30"]
[SourceQuality "1"]

1. e4 c5 2. Nf3 Nf6 3. e5 Nd5 4. Nc3 e6 5. Ne4 f5 6. Nc3 Nc7 7. d4 cxd4 8. Bg5 Be7 9. Bxe7 Qxe7 10. Qxd4 Nc6 11. Qd6 Qxd6 12. exd6 Na6 13. Bxa6 bxa6 14. 0-0-0 Rb8 15. Na4 a5 16. b3 Nb4 17. c3 Nd5 18. Rhe1 0-0 19. Ne5 Nf6 20. f3 g5 21. Rd4 h5 22. Kb2 Kg7 23. c4 g4 24. Nc5 Rd8 25. Red1 Bb7 26. h3 g3 27. Rc1 Ba8 28. Na6 Rbc8 29. Nc7 Ne8 30. Nxe6+ dxe6 31. d7 Rc7 32. dxe8N+ Rxe8 33. Rcd1 Kf6 34. Re1 Bb7 35. Kc3 Kg5 36. h4+ Kf6 37. Re2 Rg8 38. Rd3 Rgg7 39. Rd4 Rg8 40. Kd2 Rgg7 41. Re3 Rg8 42. Nd3 Re7 43. Rd6 Kf7 44. Ke2 Rge8 45. Re5 a4 46. b4 Rc7 47. Nc5 Bc8 48. Ke3 Ke7 49. Rd4 Kf6 50. Nd3 Bb7 51. Kf4 Ba6 52. Nc5 Bc8 53. Nxa4 Rd8 54. Rxd8 Rxc4+ 55. Kxg3 Kxe5 56. Nc5 f4+ 57. Kh2 Bb7 58. Nxb7 Rxb4 59. Nc5 Kf5 60. Rf8+ Kg6 61. Nxe6 1-0

[Event "Polanica Zdroj op 59th"]
[Site "Polanica Zdroj"]
[Date "2023.08.20"]
[Round "2"]
[White "Gramer, Kent"]
[Black "Mirski, Michal"]
[Result "0-1"]
[WhiteElo "2091"]
[BlackElo "2016"]
[PlyCount "104"]
[EventDate "2023.08.19"]
[EventType "swiss"]
[EventRounds "9"]
[EventCountry "POL"]
[SourceTitle "CBM 215 Extra"]
[Source "ChessBase"]
[SourceDate "2023.09.30"]
[SourceVersion "1"]
[SourceVersionDate "2023.09.30"]
[SourceQuality "1"]

1. e4 c5 2. Nf3 Nc6 3. Nc3 g6 4. d4 cxd4 5. Nxd4 Bg7 6. Be3 Nf6 7. Be2 0-0 8. 0-0 d6 9. h3 Bd7 10. f4 a6 11. Bf3 Nxd4 12. Bxd4 Bc6 13. Nd5 Bxd5 14. exd5 Nd7 15. Bxg7 Kxg7 16. Qd4+ Kg8 17. Rae1 Re8 18. Re3 Rc8 19. c3 Qb6 20. Qxb6 Nxb6 21. b3 Rc5 22. c4 Nd7 23. Rfe1 Kf8 24. Be2 b5 25. b4 Rxc4 26. Bxc4 bxc4 27. Rc3 Nb6 28. Rd1 Ra8 29. Ra3 Ke8 30. Kf2 Kd7 31. Ke3 e6 32. dxe6+ fxe6 33. Kd4 Kc6 34. Rc1 Rf8 35. g3 g5 36. fxg5 e5+ 37. Ke4 Re8 38. Rxa6 d5+ 39. Ke3 Kb5 40. Ra7 d4+ 41. Ke4 d3 42. Rxh7 Rd8 43. Rc7 d2 44. Rd1 Na4 45. Rxd2 Rxd2 46. g6 Kxb4 47. Rxc4+ Kxc4 48. g7 Nc5+ 49. Kxe5 Rd8 50. h4 Rg8 51. Kf6 Ne6 52. g4 Kd5 0-1

[Event "Polanica Zdroj op 59th"]
[Site "Polanica Zdroj"]
[Date "2023.08.19"]
[Round "1"]
[White "Mirski, Michal"]
[Black "Kokoszczynski, Jan"]
[Result "0-1"]
[WhiteElo "2016"]
[BlackElo "2256"]
[PlyCount "156"]
[EventDate "2023.08.19"]
[EventType "swiss"]
[EventRounds "9"]
[EventCountry "POL"]
[SourceTitle "CBM 215 Extra"]
[Source "ChessBase"]
[SourceDate "2023.09.30"]
[SourceVersion "1"]
[SourceVersionDate "2023.09.30"]
[SourceQuality "1"]

1. e4 e5 2. Nf3 Nc6 3. Bc4 Bc5 4. 0-0 Nf6 5. d3 d6 6. c3 a5 7. Nbd2 0-0 8. Re1 Be6 9. Bb5 Qb8 10. Nf1 Qa7 11. Be3 Bxe3 12. Nxe3 Qb6 13. a4 Ne7 14. Qd2 c6 15. Bc4 d5 16. exd5 cxd5 17. Bb5 Ng6 18. d4 e4 19. Ne5 Qd6 20. Nxg6 hxg6 21. c4 b6 22. cxd5 Bxd5 23. Rac1 Rfd8 24. Nxd5 Nxd5 25. Rxe4 Rac8 26. Rce1 Nf6 27. R4e3 Rc5 28. Rd3 Rd5 29. Rd1 Ng4 30. f4 Rf5 31. Rf1 Rd5 32. Rd1 Rf5 33. h3 Nf6 34. Rf3 Nd5 35. g3 g5 36. Bd3 Rf6 37. f5 Nb4 38. Be4 Re8 39. Re1 Qd8 40. Kg2 Rd6 41. f6 gxf6 42. Rfe3 Rxd4 43. Qf2 Rd2 44. R1e2 Rxe2 45. Rxe2 Re5 46. Qf3 Qe7 47. Kf2 Qc5+ 48. Kg2 Qe7 49. Kf2 Na6 50. Bc2 Nc5 51. Rd2 Kg7 52. Rd4 Ne6 53. Rc4 Rc5 54. Qd3 Qc7 55. Rxc5 Qxc5+ 56. Kg2 Nd4 57. Qh7+ Kf8 58. Be4 Qb4 59. h4 g4 60. Qh6+ Ke7 61. Qc1 Ne6 62. Bc6 Qd4 63. Qc2 Qe5 64. Be4 Nd4 65. Qd3 f5 66. Bb7 Ne6 67. Qb5 Qxb5 68. axb5 Kf6 69. Kf2 Ke5 70. Ke3 f4+ 71. gxf4+ Nxf4 72. Kf2 f5 73. b3 Nh5 74. Bc6 Kf4 75. Kg2 Nf6 76. Kh2 Ke3 77. Bb7 Kf2 78. Bc6 f4 0-1

[Event "Biel op-B 56th"]
[Site "Biel"]
[Date "2023.07.24"]
[Round "7"]
[White "Vihan, Shourya"]
[Black "Mirski, Michal"]
[Result "1/2-1/2"]
[WhiteElo "1952"]
[BlackElo "1993"]
[PlyCount "41"]
[EventDate "2023.07.17"]
[EventType "swiss"]
[EventRounds "9"]
[EventCountry "SUI"]
[SourceTitle "EXT 2024"]
[Source "ChessBase"]
[SourceDate "2023.10.10"]
[SourceVersion "1"]
[SourceVersionDate "2023.10.10"]
[SourceQuality "1"]

1. d4 f5 2. c4 Nf6 3. Nc3 d6 4. Bg5 Nc6 5. Bxf6 exf6 6. e3 g6 7. h4 h5 8. g3 Ne7 9. Bg2 c6 10. Nh3 Bh6 11. b4 0-0 12. Rc1 Be6 13. d5 Bf7 14. Bf3 Rc8 15. 0-0 Qb6 16. a3 Rfd8 17. Nf4 a5 18. Qb3 axb4 19. axb4 Bxf4 20. exf4 cxd5 21. cxd5 1/2-1/2

[Event "Biel op-B 56th"]
[Site "Biel"]
[Date "2023.07.20"]
[Round "4"]
[White "Mirski, Michal"]
[Black "Mamalis, Prokopios2"]
[Result "1-0"]
[WhiteElo "1993"]
[BlackElo "2146"]
[PlyCount "85"]
[EventDate "2023.07.17"]
[EventType "swiss"]
[EventRounds "9"]
[EventCountry "SUI"]
[SourceTitle "EXT 2024"]
[Source "ChessBase"]
[SourceDate "2023.10.10"]
[SourceVersion "1"]
[SourceVersionDate "2023.10.10"]
[SourceQuality "1"]

1. e4 e6 2. d4 d5 3. Nd2 dxe4 4. Nxe4 Bd7 5. Nf3 Bc6 6. Bd3 Nd7 7. 0-0 Ngf6 8. Qe2 Bxe4 9. Bxe4 Nxe4 10. Qxe4 c6 11. Bf4 Be7 12. Rfe1 0-0 13. Rad1 Qa5 14. a3 Qb5 15. Bc1 Nf6 16. Qf4 Rad8 17. Ne5 c5 18. c4 Qa4 19. Qf3 Rxd4 20. Rxd4 cxd4 21. Qxb7 Bd6 22. b3 Qa5 23. b4 Qa4 24. Qc6 Qxc6 25. Nxc6 Rc8 26. Nxa7 Rxc4 27. Nb5 Bb8 28. Bb2 d3 29. Rd1 Nd5 30. g3 Rc2 31. Bd4 d2 32. Kf1 f5 33. Ke2 f4 34. Rxd2 Rc1 35. Rd1 Rc6 36. Kd3 e5 37. Bc5 Rc8 38. Kc4 Nf6 39. a4 Ne4 40. f3 Nxg3 41. hxg3 fxg3 42. a5 h5 43. Rh1 1-0

[Event "Malopolska-ch"]
[Site "Krakow"]
[Date "2023.06.11"]
[Round "7"]
[White "Lecki, Leonard"]
[Black "Mirski, Michal"]
[Result "1-0"]
[WhiteElo "1914"]
[BlackElo "1986"]
[PlyCount "77"]
[EventDate "2023.06.08"]
[EventType "swiss"]
[EventRounds "7"]
[EventCountry "POL"]
[SourceTitle "CBM 214 Extra"]
[Source "ChessBase"]
[SourceDate "2023.07.31"]
[SourceVersion "1"]
[SourceVersionDate "2023.07.31"]
[SourceQuality "1"]

1. e4 c5 2. Nf3 Nc6 3. d4 cxd4 4. Nxd4 e6 5. Nc3 Qc7 6. Ndb5 Qb8 7. Be3 a6 8. Bb6 axb5 9. Nxb5 Bb4+ 10. c3 Ba5 11. Nc7+ Qxc7 12. Bxc7 Bxc7 13. Bd3 Nf6 14. 0-0 0-0 15. a4 d5 16. exd5 exd5 17. Qd2 Ne5 18. b4 Be6 19. Rfd1 Rfd8 20. a5 Ne4 21. Bxe4 dxe4 22. Qe3 f5 23. Qc5 Rdc8 24. b5 Kf7 25. b6 Bb8 26. Qb4 Nd3 27. Qb1 Ra6 28. Ra4 Rxc3 29. g4 Rb3 30. Qc2 Rb2 31. Qc3 Be5 32. Rd4 Rb3 33. Rd7+ Bxd7 34. Qxb3+ Be6 35. Qb5 Kf6 36. g5+ Kxg5 37. Rxd3 exd3 38. Qxe5 Bc4 39. h4+ 1-0

[Event "Malopolska-ch"]
[Site "Krakow"]
[Date "2023.06.08"]
[Round "2"]
[White "Mirski, Michal"]
[Black "Triadu Cassa, Jordi"]
[Result "1/2-1/2"]
[WhiteElo "1986"]
[BlackElo "2150"]
[PlyCount "154"]
[EventDate "2023.06.08"]
[EventType "swiss"]
[EventRounds "7"]
[EventCountry "POL"]
[SourceTitle "CBM 214 Extra"]
[Source "ChessBase"]
[SourceDate "2023.07.31"]
[SourceVersion "1"]
[SourceVersionDate "2023.07.31"]
[SourceQuality "1"]

1. e4 e5 2. Nf3 Nc6 3. Bc4 Nf6 4. d3 Be7 5. 0-0 0-0 6. c3 d6 7. Nbd2 Na5 8. Bb5 a6 9. Ba4 b5 10. Bc2 c5 11. Re1 Nc6 12. Nf1 h6 13. Ng3 Re8 14. h3 Be6 15. Nh2 d5 16. Qf3 d4 17. Nf5 Bf8 18. Ng4 Nxg4 19. hxg4 Be7 20. Nxe7+ Qxe7 21. g3 f6 22. Qe2 Qd7 23. f3 Red8 24. Rd1 a5 25. Kg2 a4 26. a3 Na5 27. cxd4 Qxd4 28. Be3 Qd6 29. f4 exf4 30. gxf4 Bb3 31. Rac1 Rac8 32. g5 fxg5 33. fxg5 Qg6 34. Rh1 Bxc2 35. Qxc2 Nb3 36. Rcd1 Nd4 37. Qf2 Rf8 38. Qh4 Rcd8 39. Qh5 Qxh5 40. Rxh5 hxg5 41. Rxg5 Ne6 42. Re5 Rf6 43. Rd2 Kf7 44. Kg3 Rh8 45. Rf2 Rxf2 46. Bxf2 Rd8 47. Bxc5 Rxd3+ 48. Kg4 Rd2 49. Bb4 Rg2+ 50. Kf3 Rxb2 51. Rf5+ Kg6 52. Rd5 Ng5+ 53. Ke3 Ne6 54. Rxb5 Rb3+ 55. Kd2 Ng5 56. e5 Nf3+ 57. Kd1 Kf5 58. Ra5 g5 59. Bd6 g4 60. Kc2 Nd4+ 61. Kd2 g3 62. e6+ Kxe6 63. Bxg3 Rxa3 64. Ra6+ Kd5 65. Bd6 Ra1 66. Bf8 Kc4 67. Bg7 Ra2+ 68. Kc1 Nf5 69. Bf6 Ne3 70. Kb1 Ra3 71. Kb2 Rb3+ 72. Ka2 Nd5 73. Rxa4+ Nb4+ 74. Ka1 Re3 75. Kb2 Re2+ 76. Kc1 Ra2 77. Rxa2 Nxa2+ 1/2-1/2

[Event "EU-ch Rapid"]
[Site "Katowice"]
[Date "2022.12.18"]
[Round "7"]
[White "Mirski, Michal"]
[Black "Povilaitis, Tomas"]
[Result "0-1"]
[WhiteElo "1917"]
[BlackElo "2038"]
[PlyCount "76"]
[EventDate "2022.12.17"]
[EventType "swiss (rapid)"]
[EventRounds "11"]
[EventCountry "POL"]
[SourceTitle "CBM 211 Extra"]
[Source "ChessBase"]
[SourceDate "2023.01.31"]
[SourceVersion "1"]
[SourceVersionDate "2023.01.31"]
[SourceQuality "1"]

1. e4 c5 2. Nc3 Nc6 3. Nge2 e5 4. d3 g6 5. Be3 d6 6. Qd2 h6 7. h3 Bg7 8. g4 Nge7 9. Bg2 Nd4 10. f4 Nxe2 11. Nxe2 exf4 12. Nxf4 Bxb2 13. Rb1 Bg7 14. 0-0 0-0 15. Ne2 Kh7 16. e5 Nc6 17. exd6 Qxd6 18. Nc3 b6 19. Ne4 Qe6 20. a4 Bd7 21. Rbe1 Ne5 22. a5 Rad8 23. g5 h5 24. Nf6+ Bxf6 25. Rxf6 Qa2 26. axb6 axb6 27. Rxb6 Bxh3 28. Bxc5 Rfe8 29. Qc3 Rxd3 30. Qxd3 Nxd3 31. Rxe8 Qxc2 32. Rh8+ Kxh8 33. Bd4+ Kh7 34. Bxh3 Qd1+ 35. Kh2 Qd2+ 36. Kg1 Qxg5+ 37. Bg2 Ne1 38. Rb2 Nf3+ 0-1

[Event "Krakow Malopolski op"]
[Site "Krakow"]
[Date "2022.06.16"]
[Round "2"]
[White "Bratajit, Mukherjee"]
[Black "Mirski, Michal"]
[Result "0-1"]
[WhiteElo "1617"]
[BlackElo "1855"]
[PlyCount "92"]
[EventDate "2022.06.16"]
[EventType "swiss"]
[EventRounds "7"]
[EventCountry "POL"]
[SourceTitle "EXT 2023"]
[Source "ChessBase"]
[SourceDate "2022.10.05"]
[SourceVersion "1"]
[SourceVersionDate "2022.10.05"]
[SourceQuality "1"]

1. d4 f5 2. c4 Nf6 3. Nc3 d6 4. g3 g6 5. Bg2 Bg7 6. Nf3 0-0 7. 0-0 Nc6 8. h3 e5 9. dxe5 dxe5 10. Qxd8 Rxd8 11. Nb5 Ne8 12. Bg5 Rd7 13. e4 f4 14. gxf4 h6 15. Bxh6 Bxh6 16. Nxe5 Nxe5 17. fxe5 Bf4 18. Rad1 Bxe5 19. b3 c6 20. Na3 Rxd1 21. Rxd1 Be6 22. Nc2 a5 23. Bf1 a4 24. Ne1 axb3 25. axb3 Ra3 26. Nd3 Bd6 27. Rb1 Nc7 28. Kg2 Na6 29. f4 Nc5 30. e5 Be7 31. Nxc5 Bxc5 32. Bd3 Kf7 33. Kg3 Bd4 34. h4 Ra2 35. Rh1 Rb2 36. Rb1 Bf2+ 37. Kf3 Rxb1 38. Bxb1 Bxh4 39. Bd3 Be7 40. Bc2 Bf5 41. Bd1 Bc5 42. Kg3 Ke6 43. Kh4 Be7+ 44. Kg3 Kd7 45. Kf3 Kc7 46. Ke3 Kb6 0-1

[Event "PGNiG POL Cup KO"]
[Site "Elblag"]
[Date "2022.04.10"]
[Round "1.1"]
[White "Mirski, Michal"]
[Black "Socko, Bartosz"]
[Result "0-1"]
[WhiteElo "1942"]
[BlackElo "2636"]
[PlyCount "200"]
[EventDate "2022.04.10"]
[EventType "k.o. (rapid)"]
[EventRounds "4"]
[EventCountry "POL"]
[SourceTitle "CBM 207 Extra"]
[Source "ChessBase"]
[SourceDate "2022.05.31"]
[SourceVersion "1"]
[SourceVersionDate "2022.05.31"]
[SourceQuality "1"]

1. e4 c6 2. d4 d5 3. Nc3 dxe4 4. Nxe4 Bf5 5. Ng3 Bg6 6. h4 h6 7. Nf3 Nd7 8. Bd3 Bxd3 9. Qxd3 e6 10. Bd2 Ngf6 11. 0-0-0 a5 12. Rhe1 Bb4 13. c3 Be7 14. Ne4 Nxe4 15. Qxe4 Nf6 16. Qe2 0-0 17. Ne5 Qd5 18. Kb1 c5 19. dxc5 Qxc5 20. g4 Bd6 21. Nd3 Qb5 22. g5 hxg5 23. hxg5 Nd7 24. Rh1 g6 25. Rh3 Rfd8 26. Rdh1 Kf8 27. Qf3 Ke7 28. Rh7 Rf8 29. R1h3 Rad8 30. Bf4 Bxf4 31. Qxf4 Qf5 32. Qxf5 exf5 33. Nf4 Ne5 34. Kc2 Kd6 35. b3 Rfe8 36. Nd3 Nxd3 37. Rxd3+ Ke5 38. Rxf7 Kf4 39. Rxb7 Re2+ 40. Kd1 Rxd3+ 41. Kxe2 Rxc3 42. a4 Kxg5 43. b4 Rb3 44. b5 Rb4 45. Ra7 Rxa4 46. b6 Rb4 47. b7 a4 48. Rxa4 Rxb7 49. Kf3 Rb3+ 50. Kg2 Kh5 51. f3 Rb1 52. Kg3 Kg5 53. Ra8 Rb2 54. Rf8 Rb4 55. Ra8 Rc4 56. Rb8 Ra4 57. Rc8 Ra3 58. Rf8 Ra1 59. Rf7 Ra4 60. Rb7 Ra6 61. Rf7 Kh5 62. Rf8 Rd6 63. Ra8 Rd1 64. Rb8 Kg5 65. Rf8 f4+ 66. Kf2 Rd2+ 67. Kf1 Ra2 68. Rh8 Kf5 69. Rf8+ Ke5 70. Re8+ Kf6 71. Rf8+ Kg5 72. Rh8 Rb2 73. Rh7 Kf6 74. Rh8 g5 75. Rf8+ Ke5 76. Re8+ Kd4 77. Re4+ Kd3 78. Re5 Ra2 79. Kg1 Re2 80. Rxg5 Ke3 81. Ra5 Kxf3 82. Kf1 Rf2+ 83. Kg1 Rd2 84. Ra3+ Ke2 85. Kg2 Rb2 86. Rf3 Rb4 87. Ra3 Rb2 88. Rf3 Rb4 89. Ra3 Rd4 90. Rf3 Re4 91. Rf2+ Ke3 92. Rf3+ Kd4 93. Kh3 Ke5 94. Kg4 Re1 95. Rf2 Rg1+ 96. Kf3 Rg3+ 97. Ke2 Ra3 98. Rf3 Ra2+ 99. Kd3 Kf5 100. Rh3 Ra3+ 0-1

[Event "PGNiG POL Cup KO"]
[Site "Elblag"]
[Date "2022.04.10"]
[Round "1.2"]
[White "Socko, Bartosz"]
[Black "Mirski, Michal"]
[Result "1-0"]
[WhiteElo "2636"]
[BlackElo "1942"]
[PlyCount "70"]
[EventDate "2022.04.10"]
[EventType "k.o. (rapid)"]
[EventRounds "4"]
[EventCountry "POL"]
[SourceTitle "CBM 207 Extra"]
[Source "ChessBase"]
[SourceDate "2022.05.31"]
[SourceVersion "1"]
[SourceVersionDate "2022.05.31"]
[SourceQuality "1"]

1. d4 f5 2. g3 Nf6 3. Bg2 d6 4. Nf3 g6 5. c4 Bg7 6. b4 0-0 7. Bb2 e6 8. 0-0 Qe7 9. Nbd2 Nbd7 10. Qc2 e5 11. e3 e4 12. Ne1 h5 13. f3 exf3 14. Rxf3 Bh6 15. Qb3 h4 16. gxh4 Ng4 17. Nf1 Qxh4 18. c5+ Kh7 19. Rg3 Qe7 20. e4 Ndf6 21. exf5 gxf5 22. h3 f4 23. Rxg4 Nxg4 24. hxg4 Bxg4 25. Nf3 Rg8 26. Re1 Qd7 27. Nh4 Bg5 28. Qd3+ Kh6 29. Nf3 Bf6 30. Bc1 Bh3 31. Bxf4+ Kh5 32. Bg3 Bxg2 33. Kxg2 Raf8 34. Re6 Bh4 35. Qe3 Bxg3 1-0